=LDR 00000nam 2200000 4500 =001 INLIS000000000041921 =005 20130612151426 =008 ***********************************ind** =035 ##$$a0010-061300000041921 =041 ##$$a ind =082 ##$$a 813 =090 ##$$a 813, tah k =100 ##$$a Tahar Ben Jelloun =245 ##$$a Korupsi, Tahar ben jelloun;Penerjemah, Oleke k.s zaimar =260 ##$$a 2010 $b Jakarta =300 ##$$a 231 hlm., 20 cm =650 ##$$a FIKSI INDONESIA - TERJEMAHAN =850 ##$$a NBPNMAT =990 ##$$a 21400613/BPAP-NTB/20142014